El sabor de la tierruca : (Record no. 161734)

MARC details
000 -LEADER
campo de control de longitud fija 01209nam a2200289 i 4500
001 - NÚMERO DE CONTROL
campo de control 161734
003 - IDENTIFICADOR DE NÚMERO DE CONTROL
campo de control ES-MaACL
005 - FECHA Y HORA DE LA ÚLTIMA TRANSACCIÓN
campo de control 20260427122812.0
007 - CAMPO FIJO DE DESCRIPCIÓN FÍSICA--INFORMACIÓN GENERAL
campo de control de longitud fija ta
008 - DATOS DE LONGITUD FIJA--INFORMACIÓN GENERAL
campo de control de longitud fija 950206s1882 sp a |001 1 spa d
080 ## - NÚMERO DE LA CLASIFICACIÓN DECIMAL UNIVERSAL
Número de la Clasificación Decimal Universal 821.134.2-31"18"
100 1# - ENTRADA PRINCIPAL--NOMBRE DE PERSONA
Nombre de persona Pereda, José María de,
Fechas asociadas al nombre 1833-1906
9 (RLIN) 90447
Término indicativo de función/relación Autor
245 13 - MENCIÓN DEL TÍTULO
Título El sabor de la tierruca :
Resto del título copias del natural /
Mención de responsabilidad, etc. por José María de Pereda ; ilustración de Apeles Mestres ; grabados de C. Verdaguer.
260 ## - PUBLICACIÓN, DISTRIBUCIÓN, ETC.
Lugar de publicación, distribución, etc. Barcelona :
Nombre del editor, distribuidor, etc. Domenech,
Fecha de publicación, distribución, etc. 1882 (
Fabricante Tipo-Lit. de C. Verdaguer)
300 ## - DESCRIPCIÓN FÍSICA
Extensión VIII, 332 p., [8] h. de lám. :
Otras características físicas il. ;
Dimensiones 21 cm.
490 1# - MENCIÓN DE SERIE
Mención de serie Biblioteca "Arte y letras"
530 ## - NOTA DISPONIBLE DE FORMULARIO FÍSICO ADICIONAL
Nota de formato físico adicional disponible Disponible en formato digital.
655 #4 - TERMINO DE INDIZACIÓN--GENERO/FORMA
Datos o término principal de género/forma Novelas de costumbres
9 (RLIN) 235110
700 1# - ENTRADA AGREGADA--NOMBRE PERSONAL
Nombre de persona Mestres, Apeles,
Fechas asociadas al nombre 1854-1936
9 (RLIN) 140420
700 1# - ENTRADA AGREGADA--NOMBRE PERSONAL
Nombre de persona Verdaguer, Celestino.
9 (RLIN) 171865
830 10 - PUNTO DE ACCESO ADICIONAL DE SERIE-TÍTULO UNIFORME
Título uniforme Biblioteca "Arte y letras"
9 (RLIN) 180874
852 ## - LOCALIZACIÓN
Ubicación ES-MaACL
Número de control de estantería B-720
Nota libre - Enc. hol.
852 ## - LOCALIZACIÓN
Ubicación ES-MaACL
Número de control de estantería DB-142
itemnumber 207231
Ubicación en estantería Despachos-biblioteca
Anotaciones manuscritas En portada: Pablo Moreno Grau
Encuadernación Encuadernación cartoné
Donativo/Legado Donación: Jaime Eutiquio Moreno Barba
856 ## - LOCALIZACIÓN Y ACCESO ELECTRÓNICOS
Identificador Uniforme de Recursos <a href="http://bdh-rd.bne.es/viewer.vm?id=0000185595&page=1">http://bdh-rd.bne.es/viewer.vm?id=0000185595&page=1</a>
Nota pública Biblioteca Digital Hispánica
942 ## - ELEMENTOS DE ENTRADA SECUNDARIOS (KOHA)
Fuente del sistema de clasificación o colocación Clasificación decimal universal
Holdings
Estatus retirado Estado de pérdida Estado de daño No para préstamo Colección Biblioteca de origen Biblioteca actual Ubicación en estantería Fecha de adquisición Fuente de adquisición Total de préstamos Signatura topográfica completa Código de barras Visto por última vez Precio de reemplazo Tipo de ítem Koha Fuente del sistema de clasificación o colocación
        Colección digital Biblioteca del Ateneo de Madrid Biblioteca del Ateneo de Madrid Sala Pardo Bazán 17/01/2008     B-720 1169417 23/02/2023 23/02/2023 Libro impreso antiguo  
          Biblioteca del Ateneo de Madrid Biblioteca del Ateneo de Madrid Despachos-biblioteca 23/04/2026 Donación   DB-142 2026-0224 27/04/2026 27/04/2026 Libro impreso antiguo Clasificación decimal universal